| 000 | 00417nam a2200169Ia 4500 | ||
|---|---|---|---|
| 008 | 131103s9999 xx 000 0 und d | ||
| 040 | _aLoreto College | ||
| 041 | _aEnglish | ||
| 082 |
_aF/LEA _bLCLIB |
||
| 100 | _aLea,Tom | ||
| 245 | 4 |
_aThe wonderful country _cTom Lea |
|
| 260 |
_aNew York _bBantam Books _c1952 |
||
| 300 |
_a293 p. _c 17 cm. |
||
| 650 | _aFiction in English | ||
| 850 | _aLCLIB | ||
| 942 | _cBK | ||
| 999 |
_c14768 _d65247 |
||